MTCP 2007 : i. Lawatan ke CIAST, ii. Site visit Petrol Station [

Bibliographic Details
Corporate Author: Institut Penilaian Negara
Format: Book
Published: Bangi : Institut Penilaian Negara , 2007

MARC

LEADER 00000cam a2200000 7i4500
001 0000020465
005 20071022.0
040 |a INS 
090 0 0 |a VCD 1053 
245 0 0 |a MTCP 2007 :   |b i. Lawatan ke CIAST, ii. Site visit Petrol Station [  |h cakera video] 
260 |a Bangi :   |b Institut Penilaian Negara ,   |c 2007 
300 |a 1 cakera video ( 45 min.) :   |b col. snd. ;   |c 4 3/4 in. 
710 1 |a Institut Penilaian Negara 
999 |a VCD0001053   |b VIDEO CD   |c Media Collection   |e Default branch